Statistics for NBA Player's Team - Shaquille O'Neal

Click here to take the quiz!

General Stats

  • This quiz has been taken 192 times
  • The average score is 20 of 21

Answer Stats

SeasonTeam% Correct
2001-02Los Angeles Lakers
99%
1992-93Orlando Magic
99%
2007-08Miami Heat
99%
2006-07Miami Heat
99%
2005-06Miami Heat
99%
2004-05Miami Heat
99%
2003-04Los Angeles Lakers
99%
2002-03Los Angeles Lakers
99%
2000-01Los Angeles Lakers
99%
1999-00Los Angeles Lakers
99%
1998-99Los Angeles Lakers
99%
1997-98Los Angeles Lakers
99%
1996-97Los Angeles Lakers
99%
1995-96Orlando Magic
99%
1994-95Orlando Magic
99%
1993-94Orlando Magic
99%
2009-10Cleveland Cavaliers
95%
2007-08Phoenix Suns
95%
2010-11Boston Celtics
94%
2008-09Phoenix Suns
93%
CollegeLSU Tigers
74%

Score Distribution

Percentile by Number Answered

Percent of People with Each Score

Your Score History

You have not taken this quiz